Welcome to CU Library Online Public Access Catalogue (OPAC)

Plant systematics : (Record no. 1308)

MARC details
000 -LEADER
fixed length control field 00600cam a22001814a 4500
001 - CONTROL NUMBER
control field 1212904
005 - DATE AND TIME OF LATEST TRANSACTION
control field 20241118180105.0
008 - FIXED-LENGTH DATA ELEMENTS--GENERAL INFORMATION
fixed length control field 990205s1999 mau b 001 0 eng
020 ## - INTERNATIONAL STANDARD BOOK NUMBER
International Standard Book Number 0878934049 (cloth)
050 00 - LIBRARY OF CONGRESS CALL NUMBER
Classification number QK95
Item number .P548 1999
082 00 - DEWEY DECIMAL CLASSIFICATION NUMBER
Classification number 580/.1/2
Edition information 21
245 00 - TITLE STATEMENT
Title Plant systematics :
Remainder of title a phylogenetic approach /
Statement of responsibility, etc. Walter S. Judd ... [et al.].
260 ## - PUBLICATION, DISTRIBUTION, ETC.
Place of publication, distribution, etc. Sunderland, Mass. :
Name of publisher, distributor, etc. Sinauer Associates,
Date of publication, distribution, etc. c1999.
300 ## - PHYSICAL DESCRIPTION
Extent xvi, 464 p. :
Other physical details ill. ;
Dimensions 29 cm. +
Accompanying material 1 computer laser optical disc (4 3/4 in.)
650 #0 - SUBJECT ADDED ENTRY--TOPICAL TERM
Topical term or geographic name entry element Plants
General subdivision Classification.
700 1# - ADDED ENTRY--PERSONAL NAME
Personal name Judd, Walter S.
942 ## - ADDED ENTRY ELEMENTS (KOHA)
Source of classification or shelving scheme Library of Congress Classification
Koha item type Books
Suppress in OPAC No
999 ## -
-- 1308
-- 1308
Holdings
Withdrawn status Lost status Source of classification or shelving scheme Damaged status Not for loan Collection Home library Current library Shelving location Date acquired Total checkouts Full call number Barcode Date last seen Copy number Price effective from Koha item type
    Library of Congress Classification     Non-fiction Undergraduate Library (Christ Temple) Undergraduate Library (Christ Temple) General stacks 11/18/2024   QK95 PLA ulct00000333 11/18/2024 1 11/18/2024 Books
© 2023-2024 Copyright: Central University Libraries. All Rights Reserved | Created by: Mahone Tech Office